000
00329nam a22001457a 4500
003
SGT
020
_a
8174760458
082
_a
920
_b
P94K
100
_a
KAMATH, M.V.
245
_a
POINTSAND LINES CHARAT RAM: A BIOGRAPHY
260
_b
UBS PUBLISHERS DISTRIBUTORS
_c
1994
300
_a
272
650
_a
BIOGRAPHY
942
_2
ddc
_c
BK
999
_c
28178
_d
28178